000
00199 a2200097 4500
020
_a
9789500811910
041
_a
spa
100
_a
Packard, Edward
245
_a
El secreto de los delfines
942
_c
BK
999
_c
30915
_d
30913